Υλικά : μηχανική, επιστήμη, επεξεργασία και σχεδιασμός

Αποθηκεύτηκε σε:
Λεπτομέρειες βιβλιογραφικής εγγραφής
Κύριος συγγραφέας: Ashby, M. F.
Άλλοι συγγραφείς: Shercliff, Hugh, Cebon, David
Μορφή: Βιβλίο
Γλώσσα:Greek
English
Δημοσίευση: Αθήνα : Κλειδάριθμος, c2011.
Έκδοση:2η αγγλική έκδ.
Θέματα:
Ετικέτες: Προσθήκη ετικέτας
Δεν υπάρχουν, Καταχωρήστε ετικέτα πρώτοι!

MARC

LEADER 00000cam a2200000 i 4500
001 1/40314
008 140120s2011 gr | ||| |||| ||gre||
020 |a 9789604614493 
035 |l 10116363 
040 |a GR-MyUa  |b gre  |e AACR2 
041 1 |a gre  |h eng 
082 7 |a 620.11   |2 (22) 
100 1 |a Ashby, M. F. 
245 1 0 |a Υλικά :   |b μηχανική, επιστήμη, επεξεργασία και σχεδιασμός /   |c Michael Ashby, Hugh Shercliff, David Cebon ; μετάφραση Κώστας Καρανικολός ; επιστημονική επιμέλεια ελληνικής έκδοσης Γεώργιος Χρ. Ψαρράς.  
250 |a 2η αγγλική έκδ. 
260 |a Αθήνα :   |b Κλειδάριθμος,   |c c2011.  
300 |a 757 σ. :   |b εικ. ;   |c 30 εκ. 
500 |a Τίτλος πρωτοτύπου: Materials: engineering, science, processing and design.  
504 |a Περιλαμβάνει βιβλιογραφικές παραπομπές και ευρετήριο.  
650 0 |a Materials. 
700 1 |a Shercliff, Hugh. 
700 1 |a Cebon, David. 
852 |a INST  |b SYROS  |c EUDOXUS  |e 20140120  |h 620.11 ASH  |p 005500011252  |q 005500011252  |t EDX  |y 0 
852 |a INST  |b SYROS  |c EUDOXUS  |e 20140120  |h 620.11 ASH  |p 005500011253  |q 005500011253  |t EDX  |y 0 
901 |a BIBL5-2013-1 
920 |a Εύδοξος  |b Παραγγελία  |y Σύρος-ΤΜΣΠΣ  |z 2014-01 
970 |a Κοντού  |b Παρασκευή  |z 20/01/2014